| 000 | 00797nam a22002657a 4500 | ||
|---|---|---|---|
| 001 | BR6005397 | ||
| 003 | BR-BrBNA | ||
| 005 | 20230928083225.0 | ||
| 007 | ta | ||
| 008 | 230509b bl.||||| |||| 00| 0 por d | ||
| 040 |
_aBR-BrBNA _bpor _cBiblioteca Nacional de Agricultura |
||
| 041 | _a(Por) | ||
| 072 |
_aF01 _b0940 |
||
| 090 | _ 0940 BR6005397 | ||
| 100 | 1 | _aPicena, A.M.P. | |
| 110 | 1 |
_aSecretaria da Agricultura, Industria e Commercio do Estado de Sao Paulo, Sao Paulo (Brasil). Depto. de Fomento da Producao Vegetal. Seccao de Fruticultura _98431 |
|
| 245 | 1 | _aLicoes de viticultura | |
| 260 | 3 |
_aSao Paulo, SP (Brasil): _c1935. |
|
| 300 | _a137 p. | ||
| 500 | _a42 illus. | ||
| 650 | _aUVA | ||
| 650 | _aPRATICA CULTURAL | ||
| 909 |
_a202309 _bLucia _c55 _dLucia Elande |
||
| 942 | _cBK | ||
| 999 |
_c12242 _d12242 |
||